[Event "Tournoi Skype 015A"]
[Site "Skype"]
[Date "????.??.??"]
[Round "1.1"]
[White "Mulrooney, Justin"]
[Black "Mahapatra, Durgaprasad"]
[Result "0-1"]
[WhiteElo "1663"]
[BlackElo "2066"]
[PlyCount "60"]

1. d4 Nf6 2. c3 g6 3. Nf3 Bg7 4. Bf4 O-O 5. e3 d6 6. Be2 Nbd7 7. Nbd2 Re8 8.
O-O e5 9. dxe5 dxe5 10. Bg3 h6 11. Qc2 a6 12. Rad1 e4 13. Nd4 c5 14. N4b3 b5
15. c4 Qb6 16. cxb5 axb5 17. a3 h5 18. Nb1 c4 19. Rd6 cxb3 20. Qxb3 Nc5 21. Qc2
Qa7 22. Bxb5 Ba6 23. Bxe8 Nxe8 24. Rfd1 Nxd6 25. Rxd6 Bd3 26. Qc1 Nb3 27. Qd1
Qc5 28. Nc3 Rxa3 29. Rd8+ Kh7 30. bxa3 Qxc3 0-1

[Event "Tournoi Skype 015A"]
[Site "Skype"]
[Date "????.??.??"]
[Round "1.2"]
[White "Karlsen, Christian"]
[Black "Bourdeau, Yvan"]
[Result "1-0"]
[WhiteElo "2046"]
[BlackElo "1642"]
[PlyCount "83"]

1. c4 e5 2. Nc3 Nf6 3. g3 d6 4. Nf3 Nc6 5. d4 exd4 6. Nxd4 Nxd4 7. Qxd4 Be7 8.
Bg2 O-O 9. Bf4 Nh5 10. Bd2 c6 11. O-O Be6 12. Rfd1 h6 13. Rac1 Nf6 14. b3 Qd7
15. Bf4 Rfd8 16. Ne4 Nxe4 17. Bxe4 d5 18. cxd5 Bxd5 19. Bxd5 Qxd5 20. Qxd5 Rxd5
21. Rxd5 cxd5 22. Rc7 Bf6 23. Rxb7 a6 24. b4 Rc8 25. Rb6 Ra8 26. a4 Bc3 27. b5
axb5 28. axb5 Ra1+ 29. Kg2 Rb1 30. Rc6 Ba5 31. Rc8+ Kh7 32. Rb8 d4 33. Be5 Rb4
34. Bd6 Rb3 35. Bc5 d3 36. exd3 Rxd3 37. Ra8 Bd2 38. b6 Rb3 39. Ra7 Kg6 40. b7
Ba5 41. Ra6+ f6 42. Bb6 1-0

[Event "Tournoi Skype 015A"]
[Site "Skype"]
[Date "????.??.??"]
[Round "1.3"]
[White "Ali, Mohammad"]
[Black "Auger, Bertrand"]
[Result "0-1"]
[WhiteElo "1640"]
[BlackElo "2042"]
[PlyCount "70"]

1. e4 e6 2. d4 d5 3. exd5 exd5 4. Bd3 Bd6 5. Nf3 Bg4 6. O-O Ne7 7. Be3 c6 8. h3
Bh5 9. Be2 Nd7 10. c3 Qc7 11. Re1 O-O 12. Qc2 Bg6 13. Bd3 Bxd3 14. Qxd3 Ng6 15.
Nbd2 Rae8 16. Rac1 Nf6 17. Bg5 Nh5 18. Qf5 Ngf4 19. Bxf4 Nxf4 20. Rxe8 Rxe8 21.
Re1 Rxe1+ 22. Nxe1 g6 23. Qg4 Qe7 24. Nef3 Kg7 25. b3 Qe2 26. Qh4 Qd1+ 27. Kh2
Ne6+ 28. g3 h6 29. Kg2 Qe2 30. b4 Be7 31. Qxe7 Nf4+ 32. gxf4 Qxe7 33. a3 a5 34.
Ne5 f6 35. Nd3 Qe2 0-1

[Event "Tournoi Skype 015A"]
[Site "Skype"]
[Date "????.??.??"]
[Round "1.4"]
[White "Hervais, Adrien"]
[Black "Karia, Vijay"]
[Result "1-0"]
[WhiteElo "1945"]
[BlackElo "1634"]
[PlyCount "43"]

1. e4 d5 2. d4 dxe4 3. Nc3 Bf5 4. f3 exf3 5. Qxf3 Qc8 6. Bc4 Nf6 7. Qf2 e6 8.
Nf3 Nbd7 9. Ng5 h6 10. Nxf7 Kxf7 11. Qxf5 Nb6 12. Bb3 Qd7 13. Qf2 Rd8 14. Be3
Bb4 15. O-O Rhe8 16. Ne4 Be7 17. Bxh6 Qxd4 18. Bxe6+ Kg6 19. Be3 Qe5 20. Bf5+
Kf7 21. Ng5+ Kg8 22. Be6+ 1-0

[Event "Tournoi Skype 015A"]
[Site "Skype"]
[Date "????.??.??"]
[Round "1.5"]
[White "Perez Fermin, Jose"]
[Black "Hilton, Stephen"]
[Result "0-1"]
[WhiteElo "1622"]
[BlackElo "1910"]
[PlyCount "50"]

1. d4 Nf6 2. c4 g6 3. Bf4 Bg7 4. e3 O-O 5. Nc3 d5 6. Nf3 c5 7. cxd5 Nxd5 8.
Nxd5 Qxd5 9. Be5 Nc6 10. Bxg7 Kxg7 11. dxc5 Qxc5 12. Rc1 Qa5+ 13. Qd2 Qxa2 14.
Qc3+ Kg8 15. Bc4 Qa5 16. Qxa5 Nxa5 17. Ba2 Nc6 18. Bd5 Bd7 19. O-O Rfc8 20.
Rfd1 Be8 21. Nd4 Nxd4 22. Bxb7 Ne2+ 23. Kf1 Nxc1 24. Bxa8 Bb5+ 25. Ke1 Nd3+ 0-1

[Event "Tournoi Skype 015A"]
[Site "Skype"]
[Date "????.??.??"]
[Round "1.6"]
[White "Donmez, Unal"]
[Black "Prasad Singh, Ambika"]
[Result "1-0"]
[WhiteElo "1895"]
[BlackElo "1595"]
[PlyCount "65"]

1. e4 c5 2. d4 cxd4 3. c3 dxc3 4. Nxc3 e6 5. Bc4 Nc6 6. Nf3 d6 7. O-O Nf6 8.
Qe2 a6 9. Rd1 Qc7 10. a3 Be7 11. h3 O-O 12. Bf4 b5 13. Ba2 Bb7 14. Rac1 Rac8
15. Nd5 Nxd5 16. exd5 e5 17. dxc6 Bxc6 18. Bd5 Qb7 19. Rxc6 Rxc6 20. Qe4 Rfc8
21. Bxe5 Qd7 22. Bxc6 Rxc6 23. Bc3 Qc7 24. Re1 Bf8 25. Ng5 g6 26. Qd4 Rxc3 27.
bxc3 Qa5 28. Qd5 Qc7 29. Qd4 h6 30. Ne4 Bg7 31. Nf6+ Bxf6 32. Qxf6 Qd7 33. Re7
1-0

[Event "Tournoi Skype 015A"]
[Site "Skype"]
[Date "????.??.??"]
[Round "1.7"]
[White "Murolo, Antonio"]
[Black "Rico Hernandez, Edgar"]
[Result "1-0"]
[WhiteElo "1573"]
[BlackElo "1892"]
[PlyCount "111"]

1. d4 Nf6 2. c4 e6 3. Nc3 Bb4 4. Bg5 h6 5. Bh4 c6 6. Nf3 d5 7. Bxf6 Qxf6 8.
cxd5 exd5 9. e3 O-O 10. Bd3 Nd7 11. O-O Re8 12. Ne2 Bd6 13. Re1 Nf8 14. Qc2 Bg4
15. Nd2 Bxe2 16. Rxe2 Ne6 17. Nf3 Rad8 18. Rd1 Bc7 19. Bf5 g6 20. Bxe6 Qxe6 21.
h3 f5 22. a3 Rd7 23. b4 Rde7 24. Rde1 Qd6 25. Qc5 a6 26. Qxd6 Bxd6 27. Nh4 Rg7
28. f4 Kh7 29. Kf1 Rge7 30. Nf3 Kg7 31. Nd2 g5 32. g3 Kf6 33. Nf3 Ra8 34. Ra2
a5 35. bxa5 Rxa5 36. fxg5+ hxg5 37. g4 fxg4 38. hxg4 Rxa3 39. Rxa3 Bxa3 40. Ke2
c5 41. dxc5 Bxc5 42. Kd3 b6 43. e4 dxe4+ 44. Rxe4 Rxe4 45. Kxe4 Be7 46. Nd4 Bc5
47. Nb5 Ke6 48. Nc7+ Kd7 49. Nb5 Kc6 50. Nc3 b5 51. Kd3 Be7 52. Kc2 Kc5 53. Kb3
Kc6 54. Ne4 Kb6 55. Nc3 b4 56. Nd5+ 1-0

[Event "Tournoi Skype 015A"]
[Site "Skype"]
[Date "????.??.??"]
[Round "1.8"]
[White "Segura Lozano, Marcos Antonio"]
[Black "Trivedi, Viral"]
[Result "1/2-1/2"]
[WhiteElo "1883"]
[BlackElo "1551"]
[PlyCount "103"]

1. e4 c6 2. d4 d5 3. exd5 Qxd5 4. c4 Qa5+ 5. Nc3 e5 6. dxe5 Qxe5+ 7. Be3 Bb4 8.
Rc1 Nf6 9. Nge2 Bg4 10. Bd4 Qe6 11. f3 Bf5 12. a3 Bd6 13. Na4 O-O 14. Rc3 Nbd7
15. c5 Bf4 16. Kf2 Nd5 17. Rb3 Qh6 18. Nxf4 Qxf4 19. Rxb7 Rfb8 20. g3 Qg5 21.
Rxb8+ Rxb8 22. Bc4 Qg6 23. Qe2 N7f6 24. Re1 h6 25. b4 Nxb4 26. axb4 Rxb4 27.
Nc3 Be6 28. Bxe6 fxe6 29. Qxe6+ Kh7 30. Bxf6 Qxf6 31. Qxf6 gxf6 32. g4 Rc4 33.
Ne4 Kg6 34. Kg3 a5 35. Ra1 a4 36. Nd6 Rxc5 37. Rxa4 h5 38. h3 hxg4 39. Rxg4+
Kh5 40. Nf7 Rc1 41. Nd6 Rg1+ 42. Kf4 Rd1 43. Nf5 c5 44. Ng3+ Kh6 45. Kf5 Rd5+
46. Kxf6 Rd6+ 47. Ke5 Rc6 48. Nf5+ Kh5 49. Re4 c4 50. Re1 Rc5+ 51. Ke4 c3 52.
Ne3 1/2-1/2

[Event "Tournoi Skype 015A"]
[Site "Skype"]
[Date "????.??.??"]
[Round "1.9"]
[White "Kruzeniski, Randy"]
[Black "Jacquelin, Norbert"]
[Result "0-1"]
[WhiteElo "1547"]
[BlackElo "1877"]
[PlyCount "112"]

1. d4 d5 2. Nf3 Nf6 3. e3 e6 4. Bd3 c5 5. b3 Nc6 6. O-O Bd6 7. Bb2 O-O 8. a3 a6
9. Nbd2 b5 10. Ne5 Bb7 11. f4 c4 12. Be2 Rc8 13. g4 Ne7 14. g5 Nd7 15. c3 Nf5
16. Rf3 f6 17. gxf6 Nxf6 18. Rh3 Rc7 19. b4 g6 20. Qf1 Rg7 21. Qg2 Bxe5 22.
fxe5 Nd7 23. e4 dxe4 24. Nxe4 Qa8 25. Bf3 Kh8 26. Ng5 Bxf3 27. Qxf3 Qxf3 28.
Rxf3 Re7 29. Raf1 h6 30. Rh3 Kg7 31. Ne4 Ref7 32. Bc1 g5 33. Ng3 Nxg3 34. Rxf7+
Rxf7 35. Rxg3 Rf8 36. h4 Rf5 37. hxg5 h5 38. Kg2 Kg6 39. Be3 Nb6 40. Bd2 Nd5
41. Rf3 Ne7 42. Rxf5 Kxf5 43. Kg3 Ng6 44. Be3 Ke4 45. Bf2 Kd3 46. Kf3 Kxc3 47.
Ke4 Kb3 48. d5 exd5+ 49. Kxd5 c3 50. e6 h4 51. Kd6 c2 52. Be3 h3 53. e7 Nxe7
54. Bf4 h2 55. Bxh2 c1=Q 56. Kxe7 Qxg5+ 0-1

[Event "Tournoi Skype 015A"]
[Site "Skype"]
[Date "????.??.??"]
[Round "1.10"]
[White "Yuvarlak, Ugur"]
[Black "Cossalter, Maurizio"]
[Result "1-0"]
[WhiteElo "1870"]
[BlackElo "1540"]
[PlyCount "39"]

1. e4 c5 2. Nc3 d6 3. Nf3 Nf6 4. d4 cxd4 5. Nxd4 g6 6. Be3 Bg7 7. f3 O-O 8. Qd2
a5 9. Be2 Nc6 10. Ndb5 b6 11. O-O Bd7 12. Qe1 Na7 13. Qf2 Nxb5 14. Nxb5 Bxb5
15. Bxb5 Rb8 16. c3 Qc7 17. Rac1 Rfd8 18. c4 Nd7 19. a3 Bxb2 20. Qxb2 1-0

[Event "Tournoi Skype 015A"]
[Site "Skype"]
[Date "????.??.??"]
[Round "1.11"]
[White "Loyarte, Frederic"]
[Black "Patra Kumar, Subhendu"]
[Result "0-1"]
[WhiteElo "1538"]
[BlackElo "1853"]
[PlyCount "72"]

1. d4 d5 2. Nf3 Nf6 3. Nc3 e6 4. Bf4 Nbd7 5. e3 Nh5 6. Bg5 Nhf6 7. Bd3 Be7 8.
O-O O-O 9. Ne2 c5 10. c3 h6 11. Bxf6 Nxf6 12. Qc2 c4 13. Bxc4 dxc4 14. Qa4 Qc7
15. Nd2 Bd7 16. Qxc4 Qxc4 17. Nxc4 Bb5 18. b3 Rac8 19. Rab1 b6 20. a4 Bxc4 21.
bxc4 Rxc4 22. a5 Rb8 23. Rb5 Nd5 24. Rc1 Ra4 25. Rcb1 Nc7 26. R5b3 b5 27. Nf4
a6 28. Nd3 Rxa5 29. Ne5 Ra3 30. Nc6 Rxb3 31. Rxb3 Re8 32. Rb1 Bd6 33. h3 Nd5
34. Rb3 Rc8 35. e4 Rxc6 36. exd5 exd5 0-1

[Event "Tournoi Skype 015A"]
[Site "Skype"]
[Date "????.??.??"]
[Round "1.12"]
[White "Plourde, Alain"]
[Black "Antonic, Nenad"]
[Result "1-0"]
[WhiteElo "1849"]
[BlackElo "1527"]
[PlyCount "53"]

1. d4 d5 2. c4 c6 3. Nc3 Nf6 4. Nf3 Nbd7 5. cxd5 cxd5 6. e3 a6 7. Bd3 g6 8. O-O
Bg7 9. h3 O-O 10. Bd2 b6 11. Rc1 Bb7 12. Qb3 e6 13. Rfd1 Rc8 14. Ne2 Re8 15.
Rxc8 Bxc8 16. Rc1 e5 17. dxe5 Nxe5 18. Nxe5 Rxe5 19. Nd4 Bb7 20. Nc6 Bxc6 21.
Rxc6 Re6 22. Rxe6 fxe6 23. Bxa6 Ne4 24. Bb4 Qc7 25. Qa4 Qc1+ 26. Bf1 Qxf1+ 27.
Kxf1 1-0

[Event "Tournoi Skype 015A"]
[Site "Skype"]
[Date "????.??.??"]
[Round "1.13"]
[White "Fouquereau, Andre"]
[Black "Deville, Olivier"]
[Result "0-1"]
[WhiteElo "1515"]
[BlackElo "1845"]
[PlyCount "52"]

1. e4 c5 2. Nf3 d6 3. c3 Nf6 4. Be2 g6 5. O-O Bg7 6. Qc2 O-O 7. d4 Nbd7 8. Rd1
Qc7 9. Bf4 cxd4 10. Nxd4 a6 11. Nd2 e5 12. Bxe5 dxe5 13. N4f3 b5 14. Rac1 Bb7
15. c4 b4 16. c5 Nb8 17. Bc4 Nc6 18. Ng5 Nd4 19. Qa4 h6 20. Ndf3 hxg5 21. Nxg5
Bh6 22. h4 a5 23. Re1 Bxg5 24. hxg5 Nxe4 25. Re3 Nxc5 26. Qc2 Nxc2 0-1

[Event "Tournoi Skype 015A"]
[Site "Skype"]
[Date "????.??.??"]
[Round "1.14"]
[White "Lambert, Pierre"]
[Black "Yardimci, Ertan"]
[Result "1-0"]
[WhiteElo "1843"]
[BlackElo "1515"]
[PlyCount "39"]

1. e4 e6 2. d4 d5 3. e5 c5 4. c3 Nc6 5. Nf3 Qb6 6. a3 Nge7 7. Bd3 Bd7 8. Bc2
Ng6 9. O-O cxd4 10. cxd4 Be7 11. Nc3 a6 12. b4 O-O 13. Na4 Qc7 14. Nc5 Bc8 15.
Re1 b6 16. Nd3 Nb8 17. Nf4 Nxf4 18. Bxf4 b5 19. Rc1 h6 20. Bh7+ 1-0

[Event "Tournoi Skype 015A"]
[Site "Skype"]
[Date "????.??.??"]
[Round "1.15"]
[White "Malbec, Robert"]
[Black "Brun, Jacques"]
[Result "0-1"]
[WhiteElo "1510"]
[BlackElo "1821"]
[PlyCount "95"]

1. e4 c5 2. Nf3 Nc6 3. d4 cxd4 4. Nxd4 g6 5. c3 Bg7 6. Be3 d6 7. Nd2 Bd7 8.
N2f3 Nf6 9. Bd3 O-O 10. O-O Ng4 11. Bd2 Nge5 12. Nxe5 Nxe5 13. Bc2 Qb6 14. b3
Rac8 15. Qc1 Nc6 16. Ne2 Bg4 17. Nf4 Qc7 18. h3 Bd7 19. Nd5 Qd8 20. Bh6 a6 21.
Bxg7 Kxg7 22. c4 e5 23. Qe3 Nd4 24. Bd3 b5 25. Qg3 bxc4 26. bxc4 f5 27. f4 fxe4
28. Rfe1 exd3 29. fxe5 Ne2+ 30. Rxe2 dxe2 31. exd6 Rxc4 32. Qe5+ Rf6 33. Re1
Rc2 34. Nxf6 Qxf6 35. Qe7+ Qxe7 36. dxe7 Kf7 37. Kf2 Kxe7 38. Rxe2+ Rxe2+ 39.
Kxe2 Kd6 40. Ke3 Ke5 41. g3 g5 42. h4 gxh4 43. gxh4 Kf5 44. Kf3 Bc6+ 45. Kg3 a5
46. Kh3 Kf4 47. a3 h5 48. Kh2 0-1

[Event "Tournoi Skype 015A"]
[Site "Skype"]
[Date "????.??.??"]
[Round "1.16"]
[White "Casey, Eamonn"]
[Black "Aranzubia, Desiderio"]
[Result "1-0"]
[WhiteElo "1780"]
[BlackElo "1499"]
[PlyCount "21"]

1. d4 Nc6 2. c4 d5 3. Nc3 dxc4 4. Nf3 a6 5. a4 Bg4 6. e3 Na5 7. Be2 c6 8. O-O
b5 9. Ne5 Bxe2 10. Qxe2 Qd5 11. Nxd5 1-0

[Event "Tournoi Skype 015A"]
[Site "Skype"]
[Date "????.??.??"]
[Round "1.17"]
[White "Holtz, Steve"]
[Black "Elias, Roberto"]
[Result "0-1"]
[WhiteElo "1499"]
[BlackElo "1764"]
[PlyCount "58"]

1. d4 Nf6 2. Nf3 b6 3. Bf4 Bb7 4. Nbd2 e6 5. c3 d6 6. e3 Nbd7 7. Bd3 Be7 8. Qc2
c5 9. O-O h6 10. h3 O-O 11. a3 Re8 12. Rfe1 Bf8 13. Qd1 e5 14. dxe5 dxe5 15.
Bxh6 gxh6 16. Bb1 e4 17. Nh2 Ne5 18. Qc2 c4 19. Rf1 b5 20. f3 Qb6 21. fxe4
Qxe3+ 22. Kh1 Nh5 23. Ng4 Ng3+ 24. Kh2 Nxg4+ 25. hxg4 Nxf1+ 26. Nxf1 Qf4+ 27.
Kh1 Qxf1+ 28. Kh2 Bd6+ 29. g3 Bxe4 0-1

[Event "Tournoi Skype 015A"]
[Site "Skype"]
[Date "????.??.??"]
[Round "1.18"]
[White "Dal, Ibrahim"]
[Black "Lowery, Mike"]
[Result "1-0"]
[WhiteElo "1748"]
[BlackElo "1499"]
[PlyCount "51"]

1. d4 Nf6 2. c4 e6 3. Nf3 c5 4. d5 d6 5. Nc3 a6 6. e4 Be7 7. Be2 h6 8. O-O O-O
9. a4 Qc7 10. a5 e5 11. h3 Nbd7 12. Ne1 Re8 13. Nc2 Nf8 14. Ne3 Ng6 15. Re1 Nf4
16. Bf1 b6 17. axb6 Qxb6 18. Nf5 Qc7 19. Nb5 Qd7 20. Qa4 Bb7 21. Nbxd6 Qxa4 22.
Rxa4 Bxd6 23. Nxd6 Bc8 24. Nxe8 Nxe8 25. Kh2 Nd3 26. Bxd3 1-0

[Event "Tournoi Skype 015A"]
[Site "Skype"]
[Date "????.??.??"]
[Round "1.19"]
[White "Montenegro, Juan Carlos"]
[Black "Meyer, Eric"]
[Result "0-1"]
[WhiteElo "1499"]
[BlackElo "1747"]
[PlyCount "116"]

1. e4 Nf6 2. Nc3 d6 3. d4 g6 4. Bd3 Nbd7 5. Nf3 c5 6. dxc5 Nxc5 7. O-O Bg7 8.
h3 Nfd7 9. Re1 O-O 10. Be3 b6 11. Bd4 Bxd4 12. Nxd4 Bb7 13. Bb5 Rc8 14. Re3 a6
15. Be2 Nf6 16. Bf3 e6 17. b4 Ncd7 18. Qd2 Ne5 19. Be2 Nc4 20. Bxc4 Rxc4 21.
Rb1 Qc7 22. f3 Rc8 23. Rb3 Nh5 24. Nce2 e5 25. Rbc3 exd4 26. Rxc4 dxe3 27. Rxc7
exd2 28. Rxc8+ Bxc8 29. Nc3 Ng3 30. Kf2 Nh5 31. Ke2 Nf4+ 32. Kxd2 Nxg2 33. Nd5
Bxh3 34. Ke2 Be6 35. Nxb6 Bxa2 36. c4 Nf4+ 37. Ke3 Ne6 38. f4 Nc7 39. Kd4 h5
40. e5 dxe5+ 41. Kxe5 Ne6 42. c5 Bb1 43. Nd5 Kg7 44. Kd6 h4 45. Ne3 h3 46. Nf1
Kf8 47. c6 Nxf4 48. c7 Bf5 49. Ng3 Bc8 50. Kc6 Nd3 51. b5 axb5 52. Kxb5 h2 53.
Kb6 Nf2 54. Ka7 h1=Q 55. Nxh1 Nxh1 56. Kb8 Be6 57. c8=Q+ Bxc8 58. Kxc8 f5 0-1

[Event "Tournoi Skype 015A"]
[Site "Skype"]
[Date "????.??.??"]
[Round "1.20"]
[White "Ergin, Ahmet"]
[Black "Leost, Joel"]
[Result "1-0"]
[WhiteElo "1746"]
[BlackElo "1497"]
[PlyCount "45"]

1. e4 c5 2. d4 cxd4 3. c3 d3 4. Bxd3 Nc6 5. Nf3 d6 6. c4 Nf6 7. Nc3 a6 8. O-O
Bg4 9. h3 Bh5 10. Be3 e6 11. Rc1 Be7 12. a3 O-O 13. Re1 Nd7 14. Be2 Bxf3 15.
Bxf3 Nce5 16. Be2 Rc8 17. Qb3 Qa5 18. Red1 Rfe8 19. Na4 Kf8 20. Nb6 Rc7 21. f4
Nc6 22. Nxd7+ Rxd7 23. Bb6 1-0

[Event "Tournoi Skype 015A"]
[Site "Skype"]
[Date "????.??.??"]
[Round "1.22"]
[White "Parmar, Manoj"]
[Black "Grimwood, Robert"]
[Result "1-0"]
[WhiteElo "1731"]
[BlackElo "1491"]
[PlyCount "119"]

1. d4 Nf6 2. c4 e6 3. Nc3 d5 4. Bf4 a6 5. e3 Be7 6. h3 O-O 7. Nf3 c5 8. Be2 Nc6
9. O-O dxc4 10. dxc5 Bxc5 11. Bxc4 b5 12. Be2 Bb7 13. Rc1 Ba7 14. a3 Qxd1 15.
Rfxd1 Rad8 16. Nd2 h6 17. Nce4 Nd5 18. Bg3 Nce7 19. Nb3 Nxe3 20. Rxd8 Rxd8 21.
Bf3 Bxe4 22. Bxe4 Rd1+ 23. Rxd1 Nxd1 24. Bb7 Nxb2 25. Bxa6 Nc4 26. Bxb5 Nxa3
27. Bd3 Nf5 28. Be5 Bb6 29. Bb2 Bd8 30. Bxa3 Bf6 31. Bc1 Kf8 32. Bxf5 exf5 33.
Be3 Kg8 34. Kf1 Kh7 35. Ke2 Kg6 36. Kf3 Bg5 37. Bxg5 hxg5 38. Nd4 Kf6 39. g3
Ke5 40. Nc6+ Kf6 41. Nb8 g6 42. Nd7+ Ke6 43. Nc5+ Kf6 44. Nd3 Ke6 45. Ke3 Kd7
46. Kd4 Kd6 47. Ne5 Ke6 48. Nc6 f6 49. Nd8+ Ke7 50. Nb7 Ke6 51. Nc5+ Kd6 52.
Nd3 Kc6 53. Ne5+ fxe5+ 54. Kxe5 Kc5 55. Kf6 Kd4 56. Kxg5 Ke4 57. f4 Kf3 58.
Kxg6 Kxg3 59. Kxf5 Kxh3 60. Kg6 1-0

[Event "Tournoi Skype 015A"]
[Site "Skype"]
[Date "????.??.??"]
[Round "1.23"]
[White "Galani, Mahendra"]
[Black "Megelas, Florent"]
[Result "0-1"]
[WhiteElo "1486"]
[BlackElo "1720"]
[PlyCount "64"]

1. c3 e5 2. e4 Nc6 3. Bb5 a6 4. Ba4 Nf6 5. d3 Be7 6. Nf3 b5 7. Bc2 d6 8. h3 h6
9. d4 Bb7 10. d5 Na5 11. a4 c6 12. dxc6 Bxc6 13. axb5 axb5 14. Nbd2 O-O 15. O-O
Nc4 16. Rxa8 Qxa8 17. Nxc4 bxc4 18. Nd2 d5 19. exd5 Bxd5 20. f3 Bc5+ 21. Kh1 e4
22. fxe4 Nxe4 23. Nxe4 Bxe4 24. Bxe4 Qxe4 25. Rf4 Qe6 26. Qf1 Re8 27. Rxc4 Bd6
28. Rc6 Qe1 29. Qg1 Qg3 30. Bd2 Re2 31. Rxd6 Qxd6 32. Bc1 Qg3 0-1

[Event "Tournoi Skype 015A"]
[Site "Skype"]
[Date "????.??.??"]
[Round "1.24"]
[White "Mishra, Om"]
[Black "Saponara, Jose Maria"]
[Result "1-0"]
[WhiteElo "1712"]
[BlackElo "1482"]
[PlyCount "115"]

1. e4 c6 2. d4 d5 3. exd5 cxd5 4. Bd3 Nf6 5. Nf3 Bg4 6. c3 Nbd7 7. O-O e6 8.
Nbd2 Bd6 9. h3 Bh5 10. Re1 Qc7 11. Nb3 Bg6 12. Bg5 Bxd3 13. Bxf6 Nxf6 14. Qxd3
O-O 15. Ne5 Rfc8 16. f4 a5 17. Rf1 a4 18. Nd2 a3 19. Rab1 axb2 20. Rxb2 Qxc3
21. Qxc3 Rxc3 22. Rxb7 Rc2 23. Nxf7 Bc7 24. Ne5 Raxa2 25. Kh1 Nh5 26. Rf3 Rc1+
27. Nf1 Rd2 28. Ra7 h6 29. Ra8+ Kh7 30. Nd7 Kg6 31. Nf8+ Kf7 32. Nd7 Rdd1 33.
Ne5+ Bxe5 34. fxe5+ Kg6 35. Kg1 Ng3 36. Rxg3+ Kf5 37. Rf8+ Ke4 38. Rg4+ Kd3 39.
h4 g5 40. h5 Rc4 41. Rf6 Rxd4 42. Rxd4+ Kxd4 43. Rxe6 Ke4 44. Kf2 Kf5 45. Ne3+
Kxe6 46. Nxd1 Kxe5 47. Ke3 g4 48. g3 Kf5 49. Nc3 Kg5 50. Nxd5 Kxh5 51. Kf4 Kg6
52. Kxg4 Kg7 53. Kh5 Kh7 54. Ne7 Kg7 55. Nf5+ Kh7 56. g4 Kh8 57. Nxh6 Kh7 58.
g5 1-0

[Event "Tournoi Skype 015A"]
[Site "Skype"]
[Date "????.??.??"]
[Round "1.25"]
[White "Baue, Michel"]
[Black "Minhas, Sandeep"]
[Result "1/2-1/2"]
[WhiteElo "1700"]
[BlackElo "1575"]
[PlyCount "49"]

1. e4 e5 2. Nf3 Nc6 3. Bb5 a6 4. Ba4 Nf6 5. O-O Be7 6. Re1 O-O 7. c3 b5 8. Bb3
Na5 9. Bc2 d6 10. h3 h6 11. d4 Nc6 12. a3 Re8 13. Nbd2 Bf8 14. Nf1 exd4 15.
cxd4 Ne7 16. Ng3 g6 17. Bd2 c5 18. Bc3 Nc6 19. dxc5 Bb7 20. cxd6 Bxd6 21. Qd2
Bxg3 22. fxg3 Qxd2 23. Nxd2 Rad8 24. Nf3 Kh7 25. Kf2 1/2-1/2

[Event "Tournoi Skype 015A"]
[Site "Skype"]
[Date "????.??.??"]
[Round "1.26"]
[White "Grib, Johannes"]
[Black "Legueltel, Daniel"]
[Result "0-1"]
[WhiteElo "1480"]
[BlackElo "1698"]
[PlyCount "42"]

1. d4 d5 2. c4 e6 3. Nc3 Nf6 4. Bg5 Be7 5. a3 O-O 6. Nf3 Nbd7 7. Qc2 h6 8. Bf4
a6 9. h4 dxc4 10. e4 b5 11. Ne5 c5 12. d5 exd5 13. exd5 Nxe5 14. Bxe5 Bd6 15.
Bxd6 Re8+ 16. Be2 Qxd6 17. O-O-O Qf4+ 18. Rd2 Bf5 19. Qd1 Ne4 20. Nxe4 Qxe4 21.
Bf3 Qb1# 0-1

[Event "Tournoi Skype 015A"]
[Site "Skype"]
[Date "????.??.??"]
[Round "1.27"]
[White "Carballo, Jorge"]
[Black "Meaney, Mike"]
[Result "0-1"]
[WhiteElo "1691"]
[BlackElo "1476"]
[PlyCount "84"]

1. d4 d5 2. Nf3 e6 3. Bf4 Nf6 4. c3 Nbd7 5. Nbd2 c6 6. e3 Qb6 7. Rb1 c5 8. Bd3
c4 9. Bc2 Be7 10. h4 Qd8 11. Ne5 O-O 12. Ndf3 Nh5 13. Ng5 Ndf6 14. Bxh7+ Nxh7
15. Nxh7 Kxh7 16. Qxh5+ Kg8 17. Qg4 Bf6 18. h5 Bxe5 19. Bxe5 f6 20. h6 Qe7 21.
h7+ Kh8 22. Bg3 e5 23. Qd1 Bf5 24. Rc1 exd4 25. Qxd4 Qd7 26. Rd1 Rfd8 27. f3 b5
28. e4 Qe7 29. e5 fxe5 30. Bxe5 Re8 31. f4 Bg4 32. Rd2 b4 33. g3 bxc3 34. bxc3
Rad8 35. Rh4 Bf5 36. Rdh2 Rd7 37. Rh5 Bd3 38. Rg5 Qa3 39. Rd2 Qc1+ 40. Rd1 Qb2
41. Qe3 Qxc3+ 42. Rd2 Qc1+ 0-1

[Event "Tournoi Skype 015A"]
[Site "Skype"]
[Date "????.??.??"]
[Round "1.28"]
[White "L'Herbon De Lussats, Jean"]
[Black "Murgia, Stefano"]
[Result "1-0"]
[WhiteElo "1466"]
[BlackElo "1691"]
[PlyCount "59"]

1. c4 e5 2. e4 Bc5 3. Nf3 d6 4. a3 a5 5. d4 exd4 6. Nxd4 Ne7 7. Nc3 O-O 8. Be3
Nd7 9. Bd3 Ne5 10. O-O Ng4 11. Nc2 Nxe3 12. Nxe3 Ng6 13. Ned5 c6 14. b4 Ba7 15.
Ne3 Qg5 16. Re1 Nf4 17. g3 Qf6 18. Qd2 Nh3+ 19. Kg2 Ng5 20. f4 Bh3+ 21. Kf2 Bg4
22. Be2 Nxe4+ 23. Nxe4 Qe7 24. Nxd6 Bxe2 25. Rxe2 axb4 26. Qxb4 g5 27. f5 Qf6
28. Rd1 b5 29. c5 Bb8 30. Ng4 1-0

[Event "Tournoi Skype 015A"]
[Site "Skype"]
[Date "????.??.??"]
[Round "1.29"]
[White "Engstrom, Olle"]
[Black "Steenkamp, Brandt"]
[Result "1/2-1/2"]
[WhiteElo "1678"]
[BlackElo "1446"]
[PlyCount "38"]

1. e4 c6 2. d4 d5 3. Nc3 dxe4 4. Nxe4 Nf6 5. Nxf6+ exf6 6. c3 Bd6 7. Nf3 O-O 8.
Be2 Bg4 9. O-O Re8 10. Re1 Nd7 11. h3 Bf5 12. Be3 Qc7 13. Bd3 Be4 14. Bxe4 Rxe4
15. Qd3 Rae8 16. Bd2 Rxe1+ 17. Rxe1 Rxe1+ 18. Nxe1 Bh2+ 19. Kf1 Bd6 1/2-1/2

[Event "Tournoi Skype 015A"]
[Site "Skype"]
[Date "????.??.??"]
[Round "1.30"]
[White "Mordaa, Ahmad"]
[Black "Bendre, Pankaj"]
[Result "1/2-1/2"]
[WhiteElo "1418"]
[BlackElo "1672"]
[PlyCount "79"]

1. e4 c5 2. Nf3 d6 3. g3 Nc6 4. Bg2 Nf6 5. d3 h6 6. c3 e5 7. O-O Bg4 8. Nbd2
Be7 9. Re1 O-O 10. Nf1 Qc7 11. Ne3 b5 12. Nxg4 Nxg4 13. Nh4 Nf6 14. Nf5 c4 15.
d4 Rab8 16. d5 Na5 17. Be3 Rfe8 18. Qd2 Ng4 19. Rad1 Nxe3 20. Nxe7+ Qxe7 21.
Qxe3 a6 22. f4 Nb7 23. fxe5 Qxe5 24. Qf3 Nc5 25. Qf4 Qe7 26. Rd2 Nd3 27. Rxd3
cxd3 28. Rd1 Qc7 29. Rxd3 Qc4 30. Rf3 f6 31. a3 Rbd8 32. Re3 Qb3 33. Qf2 Re5
34. Bh3 Qc4 35. Be6+ Kh8 36. Qf3 Qb3 37. Qf2 Qc4 38. Qf3 Qb3 39. Qf2 Qc4 40.
Qf3 1/2-1/2

[Event "Tournoi Skype 015A"]
[Site "Skype"]
[Date "????.??.??"]
[Round "2.1"]
[White "Mahapatra, Durgaprasad"]
[Black "Casey, Eamonn"]
[Result "1-0"]
[WhiteElo "2066"]
[BlackElo "1780"]
[PlyCount "57"]

1. d4 Nf6 2. Bg5 Ne4 3. h4 Nxg5 4. hxg5 e6 5. Nf3 d5 6. Nc3 g6 7. Qd3 Bg7 8.
O-O-O Nd7 9. Kb1 c5 10. e4 cxd4 11. exd5 dxc3 12. dxe6 fxe6 13. Rxh7 Rxh7 14.
Qxg6+ Ke7 15. Qxh7 Qh8 16. Qe4 Nc5 17. Qf4 Nd7 18. Qd6+ Kf7 19. g6+ Kxg6 20.
Qxe6+ Bf6 21. Bd3+ Kg7 22. Qg4+ Kf8 23. Qf4 cxb2 24. g4 Ke8 25. Bg6+ Kd8 26.
Ng5 Bxg5 27. Qxg5+ Kc7 28. Qf4+ Qe5 29. Rxd7+ 1-0

[Event "Tournoi Skype 015A"]
[Site "Skype"]
[Date "????.??.??"]
[Round "2.2"]
[White "Brun, Jacques"]
[Black "Karlsen, Christian"]
[Result "0-1"]
[WhiteElo "1821"]
[BlackElo "2046"]
[PlyCount "48"]

1. e4 e6 2. d4 d5 3. Nc3 dxe4 4. Nxe4 Nc6 5. Nf3 Bd7 6. Bb5 a6 7. Ba4 Nf6 8.
Bg5 Be7 9. Nc5 Bxc5 10. dxc5 Qe7 11. Bxf6 gxf6 12. Bxc6 Bxc6 13. b4 Rg8 14. O-O
a5 15. a3 axb4 16. axb4 Rxa1 17. Qxa1 Bxf3 18. g3 Qd8 19. c4 Rg4 20. Qc3 Be2
21. Ra1 Rxc4 22. Qe3 Qd3 23. Ra8+ Kd7 24. Qh6 Qd1+ 0-1